00749cam a2200229 a 4500001001000000003000900010005001700019007000300036008004100039040002500080082001500105100002800120245003800148260003100186300002100217500003700238590002700275910001400302942001400316952017200330999001700502000033774DO-SdBNP20220805111934.0ta730518s193u ck 000 0 spa d aDO-SdBNPbspacBNPHU axxxxbA282 aAguilar, Enrique95920010aDon Cristobal /cEnrique Aguilar. aBogotá :bABC,c[193-?]. a259 p. ;c21 cm. aIncluye vocabulario indígena.  aInventariado, 2022/ YL aYLockward 2ddccLBS1 00102ddc51708PD-RVaBNPHUbBNPHUcCTd2011-09-09iLF1oxxxx A283p33774-10r2020-06-25w2020-06-25yLBS1zPerteneció a la biblioteca personal de Martínez Boog. c33265d33265